00341nam a2200133Ia 4500008004100000041000800041082001800049100001800067245003000085250001400115260003300129300003100162365001400193240624s9999 xx 000 0 und d aeng a332.63228 KOL aKOLB ROBERT W aFUTURES OPTIONS AND SWAPS a(5th ed.) c2009aNew DelhibWiley India axvi, : 819 : p. : cm. ; 25 cRSb33.33